000 00609cam a22002174a 4500
005 20250605164159.0
008 250528s ||||||||||||||||||||||||d
035 _a19722
020 _a9604180460
040 _aGR-AtMCL
_bgre
_dGR-AtMCL
_eAACR2
245 1 _aΗΛΕΚΤΡΙΚΑ ΚΥΚΛΩΜΑΤΑ ΤΟΜΟΣ Α
250 _a2
260 _bΤζιολας,
_c2004
300 _a532
700 1 _aΔαιος Αποστολος Δ
_95923
700 1 _aΜαργαρης Νικος Ι
_95924
700 1 _aΣαραφιδου Σοφια Χ
_95925
942 _cBK
999 _c4978
_d4978